000
00316pam a2200133 a 4500
020
_c
041
_h
082
_b
KAC
100
_a
KACHOLE, D. D./SALUNKHE,
245
_a
"SAMAJASHASTRIY SHIDDHANT AANEE SANSHODHAN PRAKRIYA
260
_b
KAILASH PUBLICATION. AURANGABAD
_c
2011
300
_a
288
930
_a
16657
999
_c
119256
_d
119256